00583nam a22002057a 450000500170000001000130001702000210003003500130005103700160006404000120008008200150009210000200010724500450012726000580017227000440023030000260027450000320030065000210033265000240035320170124110200.0 aA-853585 a007463366c00.00 aA-853585 bCen Lib/Ret aDPLbEN a005.8bSHA a Shah, Saumil U aThe anti-virus book /cby Saumil U Shah  aNew DelhibTata McGraw-Hill Publishing Company c1997 a4/12, Asaf ali road bNew Delhie110002 axiii, 430p.c23cm(Hb) aIncludes appendix and index aComputer science aAnti-virus software